Villes traversées par l'autoroute A1 - autoroute du nord - Statistiques

Statistiques générales
  • Ce quiz a été pris 112 fois
    86 depuis la dernière actualisation
  • Le résultat moyen est 9 sur 14
Statistiques - réponses
Ville population kilomètre % Correct
Paris 2 094 945 0
100%
Lille 238 847 211
96%
Saint-Denis 115 315 3
86%
Arras 43 631 165
81%
Lens 33 806 185
77%
Compiègne 40 515 66
70%
Douai 39 529 179
70%
Senlis 15 485 42
60%
Aubervilliers 93 353 2
50%
Villeneuve-d'Ascq 62 067 207
47%
Creil 36 323 42
46%
Hénin-Beaumont 25 879 185
41%
Aulnay-sous-Bois 87 433 11
29%
Carvin 18 284 193
27%
Aucun quiz correspondant
Distribution des résultats
% des personnes avec chaque résultat
Percentile par nombre de réponses
Votre historique - résultats
Vous n’avez pas pris ce quiz depuis la dernière actualisation